[Event "DVM U12w 2024"]
[Site "Bad Homburg GER"]
[Date "2024.12.29"]
[Round "6"]
[White "Winkler, Frida"]
[Black "Fruth, Julia"]
[Result "1-0"]
[Termination "normal"]
[Board "5.1"]
[WhiteElo "1556"]
[BlackElo "1614"]
[WhiteClock "01:00:02"]
[BlackClock "00:38:38"]
[WhiteTeam "SK König Plauen"]
[BlackTeam "USV TU Dresden"]
[PlyCount "79"]
[WhiteFideId "34622322"]
[BlackFideId "34603050"]
[EventCountry "GER"]
[EventRounds "7"]
[EventType "team-swiss"]
[EventDate "2024.12.26"]

1. d4 {[%clk 01:30:58]} {[%emt 00:00:01]} Nf6 {[%clk 01:30:48]} {[%emt
00:00:13]} 2. Bf4 {[%clk 01:31:18]} {[%emt 00:00:11]} g6 {[%clk 01:30:36]}
{[%emt 00:00:42]} 3. Nc3 {[%clk 01:31:31]} {[%emt 00:00:16]} Bg7 {[%clk
01:30:23]} {[%emt 00:00:44]} 4. e4 {[%clk 01:31:37]} {[%emt 00:00:24]} d6
{[%clk 01:30:42]} {[%emt 00:00:11]} 5. Qd2 {[%clk 01:31:54]} {[%emt 00:00:14]}
Nbd7 {[%clk 01:30:27]} {[%emt 00:00:45]} 6. O-O-O {[%clk 01:31:24]} {[%emt
00:01:01]} O-O {[%clk 01:30:11]} {[%emt 00:00:44]} 7. e5 {[%clk 01:31:24]}
{[%emt 00:00:30]} Ne8 {[%clk 01:28:52]} {[%emt 00:01:49]} 8. Bh6 {[%clk
01:26:04]} {[%emt 00:05:50]} b6 {[%clk 01:26:32]} {[%emt 00:02:50]} 9. Bxg7
{[%clk 01:25:22]} {[%emt 00:01:12]} Kxg7 {[%clk 01:26:27]} {[%emt 00:00:35]}
10. g4 {[%clk 01:25:15]} {[%emt 00:00:37]} Bb7 {[%clk 01:25:41]} {[%emt
00:01:16]} 11. f3 {[%clk 01:25:23]} {[%emt 00:00:22]} a5 {[%clk 01:24:27]}
{[%emt 00:01:44]} 12. h4 {[%clk 01:23:11]} {[%emt 00:02:40]} a4 {[%clk
01:23:34]} {[%emt 00:01:24]} 13. a3 {[%clk 01:22:53]} {[%emt 00:00:48]} c5
{[%clk 01:23:20]} {[%emt 00:00:44]} 14. dxc5 {[%clk 01:22:12]} {[%emt
00:01:11]} bxc5 {[%clk 01:23:03]} {[%emt 00:00:47]} 15. exd6 {[%clk 01:21:28]}
{[%emt 00:01:14]} exd6 {[%clk 01:22:54]} {[%emt 00:00:39]} 16. h5 {[%clk
01:21:06]} {[%emt 00:00:51]} Nef6 {[%clk 01:22:11]} {[%emt 00:01:11]} 17. hxg6
{[%clk 01:17:49]} {[%emt 00:03:51]} Nxg4 {[%clk 01:13:48]} {[%emt 00:08:53]}
18. Rxh7+ {[%clk 01:17:58]} {[%emt 00:00:22]} Kxg6 {[%clk 01:12:24]} {[%emt
00:01:53]} 19. Bd3+ {[%clk 01:18:13]} {[%emt 00:00:13]} f5 {[%clk 01:11:54]}
{[%emt 00:01:03]} 20. fxg4 {[%clk 01:17:17]} {[%emt 00:01:26]} Kxh7 {[%clk
01:11:28]} {[%emt 00:00:55]} 21. Bxf5+ {[%clk 01:17:34]} {[%emt 00:00:13]} Kg7
{[%clk 01:10:33]} {[%emt 00:01:25]} 22. Qxd6 {[%clk 01:16:21]} {[%emt
00:01:43]} Qg5+ {[%clk 01:07:23]} {[%emt 00:03:39]} 23. Kb1 {[%clk 01:16:17]}
{[%emt 00:00:35]} Nf6 {[%clk 01:02:23]} {[%emt 00:05:30]} 24. Qxc5 {[%clk
01:15:18]} {[%emt 00:01:29]} Nxg4 {[%clk 01:01:10]} {[%emt 00:01:43]} 25. Rd7+
{[%clk 01:13:30]} {[%emt 00:02:18]} Rf7 {[%clk 00:58:22]} {[%emt 00:03:17]} 26.
Rxf7+ {[%clk 01:13:47]} {[%emt 00:00:14]} Kxf7 {[%clk 00:58:39]} {[%emt
00:00:13]} 27. Qc4+ {[%clk 01:11:43]} {[%emt 00:02:32]} Kf6 {[%clk 00:57:20]}
{[%emt 00:01:50]} 28. Bxg4 {[%clk 01:11:16]} {[%emt 00:00:58]} Rg8 {[%clk
00:56:47]} {[%emt 00:01:03]} 29. Qe6+ {[%clk 01:11:05]} {[%emt 00:00:40]} Kg7
{[%clk 00:56:52]} {[%emt 00:00:25]} 30. Nh3 {[%clk 01:10:03]} {[%emt 00:01:31]}
Qf6 {[%clk 00:54:44]} {[%emt 00:02:39]} 31. Qd7+ {[%clk 01:07:56]} {[%emt
00:02:38]} Qf7 {[%clk 00:55:02]} {[%emt 00:00:11]} 32. Qxa4 {[%clk 01:07:43]}
{[%emt 00:00:43]} Qf1+ {[%clk 00:55:04]} {[%emt 00:00:29]} 33. Ka2 {[%clk
01:05:39]} {[%emt 00:02:35]} Qf7+ {[%clk 00:53:43]} {[%emt 00:01:51]} 34. b3
{[%clk 01:05:49]} {[%emt 00:00:19]} Qg6 {[%clk 00:53:06]} {[%emt 00:01:08]} 35.
Bd1 {[%clk 01:04:24]} {[%emt 00:01:55]} Qg3 {[%clk 00:52:02]} {[%emt 00:01:35]}
36. Qd7+ {[%clk 01:03:40]} {[%emt 00:01:11]} Kh8 {[%clk 00:52:01]} {[%emt
00:00:33]} 37. Qd4+ {[%clk 01:02:26]} {[%emt 00:01:43]} Kh7 {[%clk 00:46:55]}
{[%emt 00:05:37]} 38. Nf2 {[%clk 01:00:26]} {[%emt 00:02:29]} Rc8 {[%clk
00:45:41]} {[%emt 00:01:44]} 39. Nfe4 {[%clk 00:59:48]} {[%emt 00:01:08]} Qh3
{[%clk 00:38:38]} {[%emt 00:07:34]} 40. Ng5+ {[%clk 01:00:02]} {[%emt
00:00:16]} 1-0

[Event "DVM U12w 2024"]
[Site "Bad Homburg GER"]
[Date "2024.12.29"]
[Round "6"]
[White "Hendler, Felicitas"]
[Black "Busch, Lara Sophie"]
[Result "0-1"]
[Termination "normal"]
[Board "8.1"]
[WhiteElo "1610"]
[BlackElo "1626"]
[WhiteClock "01:09:40"]
[BlackClock "00:33:51"]
[WhiteTeam "SF Brackel 1930"]
[BlackTeam "SchVgg Blankenese 1923"]
[PlyCount "68"]
[WhiteFideId "34616519"]
[BlackFideId "34664866"]
[EventCountry "GER"]
[EventRounds "7"]
[EventType "team-swiss"]
[EventDate "2024.12.26"]

1. e4 {[%clk 01:30:38]} {[%emt 00:00:22]} e5 {[%clk 01:30:54]} {[%emt
00:00:07]} 2. f4 {[%clk 01:30:43]} {[%emt 00:00:25]} d5 {[%clk 01:31:08]}
{[%emt 00:00:17]} 3. exd5 {[%clk 01:30:09]} {[%emt 00:01:03]} exf4 {[%clk
01:31:16]} {[%emt 00:00:23]} 4. Nf3 {[%clk 01:29:47]} {[%emt 00:00:51]} Nf6
{[%clk 01:30:18]} {[%emt 00:01:28]} 5. Nc3 {[%clk 01:21:52]} {[%emt 00:08:24]}
Nxd5 {[%clk 01:28:09]} {[%emt 00:02:39]} 6. Nxd5 {[%clk 01:22:03]} {[%emt
00:00:19]} Qxd5 {[%clk 01:28:14]} {[%emt 00:00:26]} 7. d4 {[%clk 01:21:55]}
{[%emt 00:00:38]} Bd6 {[%clk 01:25:15]} {[%emt 00:03:29]} 8. c4 {[%clk
01:21:01]} {[%emt 00:01:24]} Qe4+ {[%clk 01:19:24]} {[%emt 00:05:53]} 9. Be2
{[%clk 01:20:35]} {[%emt 00:01:23]} Bb4+ {[%clk 01:19:08]} {[%emt 00:00:46]}
10. Bd2 {[%clk 01:20:34]} {[%emt 00:00:30]} Bxd2+ {[%clk 01:17:57]} {[%emt
00:01:42]} 11. Qxd2 {[%clk 01:20:58]} {[%emt 00:00:05]} O-O {[%clk 01:16:42]}
{[%emt 00:01:46]} 12. O-O {[%clk 01:21:02]} {[%emt 00:00:26]} Qe3+ {[%clk
01:04:35]} {[%emt 00:12:38]} 13. Kh1 {[%clk 01:14:45]} {[%emt 00:06:46]} Bg4
{[%clk 01:02:14]} {[%emt 00:02:52]} 14. Qd3 {[%clk 01:12:07]} {[%emt 00:03:07]}
Bxf3 {[%clk 00:51:57]} {[%emt 00:10:47]} 15. Rxf3 {[%clk 01:12:17]} {[%emt
00:00:20]} Qxd3 {[%clk 00:52:10]} {[%emt 00:00:17]} 16. Bxd3 {[%clk 01:11:49]}
{[%emt 00:00:57]} g5 {[%clk 00:51:09]} {[%emt 00:01:32]} 17. h4 {[%clk
01:11:28]} {[%emt 00:00:52]} f6 {[%clk 00:50:53]} {[%emt 00:00:45]} 18. Be4
{[%clk 01:09:39]} {[%emt 00:02:19]} Nc6 {[%clk 00:49:25]} {[%emt 00:01:59]} 19.
Bxc6 {[%clk 01:09:29]} {[%emt 00:00:39]} bxc6 {[%clk 00:49:53]} {[%emt
00:00:02]} 20. g3 {[%clk 01:09:29]} {[%emt 00:00:31]} Rad8 {[%clk 00:46:03]}
{[%emt 00:04:19]} 21. Rd1 {[%clk 01:09:34]} {[%emt 00:00:25]} fxg3 {[%clk
00:45:42]} {[%emt 00:00:51]} 22. Rxg3 {[%clk 01:09:49]} {[%emt 00:00:16]} h6
{[%clk 00:45:43]} {[%emt 00:00:29]} 23. d5 {[%clk 01:09:48]} {[%emt 00:00:30]}
Rd6 {[%clk 00:44:43]} {[%emt 00:01:29]} 24. Kh2 {[%clk 01:08:50]} {[%emt
00:01:29]} Re8 {[%clk 00:43:01]} {[%emt 00:02:12]} 25. Rg2 {[%clk 01:09:04]}
{[%emt 00:00:17]} Kf7 {[%clk 00:42:06]} {[%emt 00:01:25]} 26. hxg5 {[%clk
01:08:20]} {[%emt 00:01:13]} hxg5 {[%clk 00:41:46]} {[%emt 00:00:50]} 27. Kh3
{[%clk 01:08:15]} {[%emt 00:00:34]} Re3+ {[%clk 00:40:53]} {[%emt 00:01:22]}
28. Kg4 {[%clk 01:08:27]} {[%emt 00:00:21]} Re4+ {[%clk 00:40:28]} {[%emt
00:00:52]} 29. Kh3 {[%clk 01:08:30]} {[%emt 00:00:29]} Rxc4 {[%clk 00:39:35]}
{[%emt 00:01:24]} 30. Rgd2 {[%clk 01:08:41]} {[%emt 00:00:18]} cxd5 {[%clk
00:39:18]} {[%emt 00:00:47]} 31. Rxd5 {[%clk 01:08:55]} {[%emt 00:00:16]} Ke6
{[%clk 00:34:14]} {[%emt 00:05:34]} 32. Rxd6+ {[%clk 01:08:59]} {[%emt
00:00:26]} cxd6 {[%clk 00:34:39]} {[%emt 00:00:06]} 33. Re1+ {[%emt 00:01:09]}
Kf5 {[%clk 00:34:01]} {[%emt 00:00:09]} 34. Rf1+ {[%clk 01:09:40]} {[%emt
00:00:09]} Rf4 {[%clk 00:33:51]} {[%emt 00:00:40]} 0-1

[Event "DVM U12w 2024"]
[Site "Bad Homburg GER"]
[Date "2024.12.29"]
[Round "6"]
[White "Du, Vivian"]
[Black "Ising, Svea"]
[Result "1-0"]
[Termination "normal"]
[Board "8.2"]
[WhiteElo "1144"]
[BlackElo "1221"]
[WhiteClock "01:12:54"]
[BlackClock "00:43:47"]
[WhiteTeam "SchVgg Blankenese 1923"]
[BlackTeam "SF Brackel 1930"]
[PlyCount "51"]
[WhiteFideId "533025924"]
[BlackFideId "34634070"]
[EventCountry "GER"]
[EventRounds "7"]
[EventType "team-swiss"]
[EventDate "2024.12.26"]

1. e4 {[%clk 01:30:58]} {[%emt 00:00:01]} e5 {[%clk 01:30:54]} {[%emt
00:00:07]} 2. Nf3 {[%clk 01:31:21]} {[%emt 00:00:06]} Nc6 {[%clk 01:31:18]}
{[%emt 00:00:07]} 3. Bc4 {[%clk 01:31:39]} {[%emt 00:00:11]} Bc5 {[%clk
01:31:42]} {[%emt 00:00:06]} 4. d3 {[%clk 01:31:54]} {[%emt 00:00:15]} h6
{[%clk 01:31:54]} {[%emt 00:00:18]} 5. c3 {[%clk 01:31:39]} {[%emt 00:00:44]}
Nf6 {[%clk 01:32:01]} {[%emt 00:00:24]} 6. d4 {[%clk 01:30:10]} {[%emt
00:01:59]} exd4 {[%clk 01:32:16]} {[%emt 00:00:14]} 7. cxd4 {[%clk 01:30:33]}
{[%emt 00:00:07]} Bb4+ {[%clk 01:32:33]} {[%emt 00:00:14]} 8. Nc3 {[%clk
01:29:49]} {[%emt 00:01:14]} Nxe4 {[%clk 01:32:33]} {[%emt 00:00:30]} 9. Qb3
{[%clk 01:29:04]} {[%emt 00:01:15]} Bxc3+ {[%clk 01:31:58]} {[%emt 00:01:04]}
10. bxc3 {[%clk 01:29:24]} {[%emt 00:00:11]} O-O {[%clk 01:32:18]} {[%emt
00:00:10]} 11. O-O {[%clk 01:29:15]} {[%emt 00:00:39]} d6 {[%clk 01:27:58]}
{[%emt 00:04:50]} 12. h3 {[%clk 01:28:41]} {[%emt 00:01:04]} Na5 {[%clk
01:25:23]} {[%emt 00:03:06]} 13. Qa4 {[%clk 01:27:29]} {[%emt 00:01:41]} Nxc4
{[%clk 01:25:02]} {[%emt 00:00:52]} 14. Qxc4 {[%clk 01:27:50]} {[%emt
00:00:08]} d5 {[%clk 01:23:39]} {[%emt 00:01:54]} 15. Qb3 {[%clk 01:27:11]}
{[%emt 00:01:09]} Re8 {[%clk 01:21:25]} {[%emt 00:02:44]} 16. Bf4 {[%clk
01:25:46]} {[%emt 00:01:55]} c5 {[%clk 01:16:38]} {[%emt 00:05:18]} 17. Rad1
{[%clk 01:24:51]} {[%emt 00:01:24]} Qf6 {[%clk 01:12:35]} {[%emt 00:04:34]} 18.
Be5 {[%clk 01:24:06]} {[%emt 00:01:15]} c4 {[%clk 01:06:32]} {[%emt 00:06:33]}
19. Qb5 {[%clk 01:21:32]} {[%emt 00:03:03]} Qg6 {[%clk 01:05:36]} {[%emt
00:01:27]} 20. Qxe8+ {[%clk 01:21:34]} {[%emt 00:00:28]} Kh7 {[%clk 01:05:26]}
{[%emt 00:00:40]} 21. Nh4 {[%clk 01:18:28]} {[%emt 00:03:35]} Qh5 {[%clk
01:00:51]} {[%emt 00:05:06]} 22. Qe7 {[%clk 01:17:27]} {[%emt 00:01:29]} Nxc3
{[%clk 00:52:36]} {[%emt 00:08:46]} 23. Rd2 {[%clk 01:15:31]} {[%emt 00:02:26]}
Ne2+ {[%clk 00:49:59]} {[%emt 00:03:07]} 24. Kh2 {[%clk 01:14:31]} {[%emt
00:01:29]} c3 {[%clk 00:46:14]} {[%emt 00:04:16]} 25. Rc2 {[%clk 01:13:44]}
{[%emt 00:01:18]} f6 {[%clk 00:43:47]} {[%emt 00:02:57]} 26. Bxf6 {[%clk
01:12:54]} {[%emt 00:01:20]} 1-0

[Event "DVM U12w 2024"]
[Site "Bad Homburg GER"]
[Date "2024.12.29"]
[Round "6"]
[White "Mrugalski, Marie"]
[Black "Feldhaus, Lena"]
[Result "0-1"]
[Termination "normal"]
[Board "9.1"]
[WhiteElo "1052"]
[BlackElo "1539"]
[WhiteClock "01:03:02"]
[BlackClock "00:46:19"]
[WhiteTeam "SV Mülheim-Nord 1931"]
[BlackTeam "SG Porz 2"]
[PlyCount "34"]
[WhiteFideId "34613536"]
[BlackFideId "34642684"]
[EventCountry "GER"]
[EventRounds "7"]
[EventType "team-swiss"]
[EventDate "2024.12.26"]

1. d4 {[%clk 01:30:57]} {[%emt 00:00:02]} d5 {[%clk 01:30:50]} {[%emt
00:00:11]} 2. Bf4 {[%clk 01:31:19]} {[%emt 00:00:08]} Nf6 {[%clk 01:31:12]}
{[%emt 00:00:07]} 3. e3 {[%clk 01:31:41]} {[%emt 00:00:08]} Bf5 {[%clk
01:31:29]} {[%emt 00:00:13]} 4. Nf3 {[%clk 01:31:58]} {[%emt 00:00:13]} e6
{[%clk 01:31:40]} {[%emt 00:00:19]} 5. Bd3 {[%clk 01:31:41]} {[%emt 00:00:47]}
Bg6 {[%clk 01:31:52]} {[%emt 00:00:18]} 6. c3 {[%clk 01:31:35]} {[%emt
00:00:36]} Bd6 {[%clk 01:32:09]} {[%emt 00:00:13]} 7. Bg3 {[%clk 01:31:48]}
{[%emt 00:00:17]} Nbd7 {[%clk 01:30:12]} {[%emt 00:02:27]} 8. Bxg6 {[%clk
01:29:09]} {[%emt 00:03:10]} hxg6 {[%clk 01:29:20]} {[%emt 00:01:22]} 9. Bxd6
{[%clk 01:29:08]} {[%emt 00:00:30]} cxd6 {[%clk 01:29:24]} {[%emt 00:00:26]}
10. Qd3 {[%clk 01:29:00]} {[%emt 00:00:38]} a6 {[%clk 01:23:19]} {[%emt
00:06:35]} 11. Nbd2 {[%clk 01:23:33]} {[%emt 00:05:56]} e5 {[%clk 01:19:33]}
{[%emt 00:04:17]} 12. e4 {[%clk 01:16:31]} {[%emt 00:07:33]} Rc8 {[%clk
01:11:12]} {[%emt 00:08:49]} 13. Qe2 {[%clk 01:11:09]} {[%emt 00:05:53]} Qb6
{[%clk 01:08:42]} {[%emt 00:02:49]} 14. exd5 {[%clk 01:07:22]} {[%emt
00:04:28]} Qxb2 {[%clk 01:01:06]} {[%emt 00:08:06]} 15. O-O {[%clk 01:05:10]}
{[%emt 00:02:42]} Nxd5 {[%clk 00:52:37]} {[%emt 00:08:59]} 16. dxe5 {[%clk
01:04:20]} {[%emt 00:01:20]} Nxc3 {[%clk 00:46:19]} {[%emt 00:06:48]} 17. exd6+
{[%clk 01:03:02]} {[%emt 00:01:49]} Nxe2+ {[%clk 00:46:19]} {[%emt 00:00:29]}
0-1

[Event "DVM U12w 2024"]
[Site "Bad Homburg GER"]
[Date "2024.12.29"]
[Round "6"]
[White "Klymenko, Stefaniia"]
[Black "Dennhardt, Mira"]
[Result "1-0"]
[Termination "normal"]
[Board "10.4"]
[WhiteElo "785"]
[BlackElo "830"]
[WhiteClock "01:07:53"]
[BlackClock "01:14:57"]
[WhiteTeam "SC Borussia Lichtenberg"]
[BlackTeam "SG Leipzig"]
[PlyCount "35"]
[WhiteFideId "533025959"]
[BlackFideId "533025975"]
[EventCountry "GER"]
[EventRounds "7"]
[EventType "team-swiss"]
[EventDate "2024.12.26"]

1. e4 e5 2. Nf3 Nc6 3. Ng1 {[%clk 01:30:57]} {[%emt 00:03:11]} Nb8 {[%clk
01:30:59]} {[%emt 00:00:02]} 4. Nf3 {[%clk 01:31:22]} {[%emt 00:00:06]} Nc6
{[%clk 01:31:01]} {[%emt 00:00:28]} 5. Bc4 {[%clk 01:28:04]} {[%emt 00:03:48]}
Nf6 {[%clk 01:31:19]} {[%emt 00:00:11]} 6. Nc3 {[%clk 01:28:29]} {[%emt
00:00:06]} Bc5 {[%clk 01:31:02]} {[%emt 00:00:47]} 7. d3 {[%clk 01:28:42]}
{[%emt 00:00:17]} d6 {[%clk 01:31:25]} {[%emt 00:00:07]} 8. Be3 {[%clk
01:29:02]} {[%emt 00:00:09]} Bxe3 {[%clk 01:31:13]} {[%emt 00:00:41]} 9. fxe3
{[%clk 01:29:26]} {[%emt 00:00:07]} O-O {[%clk 01:30:27]} {[%emt 00:01:17]} 10.
O-O {[%clk 01:29:45]} {[%emt 00:00:10]} Ng4 {[%clk 01:27:02]} {[%emt 00:03:56]}
11. Qe1 {[%clk 01:25:19]} {[%emt 00:04:55]} g6 {[%clk 01:21:40]} {[%emt
00:05:52]} 12. h3 {[%clk 01:20:06]} {[%emt 00:05:44]} Nf6 {[%clk 01:20:56]}
{[%emt 00:01:13]} 13. Qh4 {[%clk 01:15:36]} {[%emt 00:05:01]} a6 {[%clk
01:16:53]} {[%emt 00:04:32]} 14. Ng5 {[%clk 01:11:22]} {[%emt 00:04:43]} Nb4
{[%clk 01:15:39]} {[%emt 00:01:46]} 15. Rxf6 {[%clk 01:09:12]} {[%emt
00:02:40]} h6 {[%clk 01:15:39]} {[%emt 00:00:29]} 16. Qxh6 {[%clk 01:08:10]}
{[%emt 00:01:32]} Re8 {[%clk 01:15:18]} {[%emt 00:00:51]} 17. Qh7+ {[%clk
01:07:53]} {[%emt 00:00:47]} Kf8 {[%clk 01:14:57]} {[%emt 00:00:52]} 18. Qxf7#
{[%emt 00:00:33]} 1-0